000
00301nam a2200121Ia 4500
008
240624s9999 xx 000 0 und d
041
_a
eng
082
_a
004.3 ELL
100
_a
ELLIS BYRON
245
_a
REAL TIME ANALYTICS TECHNIQUES TO ANALYZ
260
_c
2014
_a
New Delhi
_b
Wiley
365
_c
RS
_b
33
999
_c
26541
_d
26541